[Event "4NCL Online Division 6"]
[Site "online"]
[Date "2021.04.20"]
[EventDate "2021.04.20"]
[Round "7.54"]
[White "Torregrosa, Sacha"]
[WhiteElo "1154"]
[WhiteTeam "Ashton 2"]
[Black "Newton, Colin"]
[BlackElo "1767"]
[BlackTeam "Redbridge All Sorts 2"]
[Result "1-0"]
[PlyCount "89"]

1. e4 d6 2. d4 Nf6 3. Nc3 g6 4. f4 Bg7 5. Nf3 O-O 6. Bd3 Nc6 7. e5 dxe5 8. dxe5 Nd5 9. Nxd5 Qxd5 10. O-O Bg4 11. Be2 Qc5+ 12. Kh1 Rad8 13. Bd3 Nb4 14. Qe2 Nxd3 15. cxd3 Qb5 16. Rd1 Rd5 17. Qc2 Bxf3 18. gxf3 c6 19. Be3 Rfd8 20. d4 Bh6 21. Rd2 f6 22. Rg2 Kf7 23. f5 g5 24. e6+ Kg8 25. a4 Qb4 26. h4 Rxd4 27. Bxd4 Rxd4 28. hxg5 Rh4+ 29. Rh2 Bxg5 30. Rg1 Qxa4 31. Qxa4 Rxa4 32. Rd2 Rh4+ 33. Rh2 Kh8 34. Rxh4 Bxh4 35. Rd1 Bg3 36. Rd7 Bd6 37. Rxb7 a5 38. Ra7 Bb4 39. Kh2 Kg7 40. Kg3 Kh6 41. Kg4 Kg7 42. b3 Kf8 43. Kh5 Bd2 44. Rc7 h6 45. Kg6 1-0

[Event "4NCL Online Division 6"]
[Site "online"]
[Date "2021.04.20"]
[EventDate "2021.04.20"]
[Round "7.61"]
[White "Mashayekh, Majid"]
[WhiteElo "1827"]
[WhiteTeam "Maidenhead 2"]
[Black "Wilson, Matthew R"]
[BlackElo "1891"]
[BlackTeam "Wolfpack 1"]
[Result "1-0"]
[PlyCount "160"]

1. Nf3 Nf6 2. b3 d5 3. Bb2 c5 4. e3 Nc6 5. Bb5 Bd7 6. Bxc6 Bxc6 7. Ne5 Qd6 8. Qf3 e6 9. O-O Be7 10. d3 O-O 11. Nxc6 Qxc6 12. Nd2 Rad8 13. c4 Nd7 14. Rfd1 Bf6 15. Bxf6 Nxf6 16. a3 h6 17. b4 Rd7 18. Nb3 b6 19. cxd5 exd5 20. bxc5 bxc5 21. Rac1 Rc7 22. Rxc5 Qb6 23. Rxc7 Qxc7 24. Nd4 Qc5 25. Nf5 Kh7 26. e4 dxe4 27. dxe4 Re8 28. Qg3 g6 29. Qb3 Qc7 30. Nd6 Re6 31. Qd3 Ne8 32. Nc4 Nf6 33. f3 Rc6 34. Nd6 Rc1 35. h3 Rxd1+ 36. Qxd1 Qc5+ 37. Kh2 Kg7 38. Qd2 Qe5+ 39. g3 Qa1 40. h4 h5 41. Qd3 Qa2+ 42. Kg1 Qa1+ 43. Kg2 Qb2+ 44. Kf1 Qa1+ 45. Ke2 Qb2+ 46. Ke3 Qc1+ 47. Kf2 Qb2+ 48. Ke1 Qa1+ 49. Kf2 Qb2+ 50. Ke3 Qc1+ 51. Ke2 Qb2+ 52. Ke1 Qa1+ 53. Kf2 Qh1 54. Qf1 Qh2+ 55. Qg2 Qxg2+ 56. Kxg2 Nd7 57. f4 f6 58. Kf3 Kf8 59. Ke3 Ke7 60. Nc8+ Ke6 61. Nxa7 Nb6 62. Kd4 Kd7 63. Nb5 Kc6 64. Nc3 Nd7 65. a4 Nc5 66. Kc4 Nb7 67. Nd5 Nd6+ 68. Kd4 f5 69. Ne7+ Kb6 70. e5 Ne4 71. Nxg6 Ka5 72. e6 Kxa4 73. e7 Nd6 74. Ke5 Ne8 75. Kxf5 Kb5 76. Ke6 Kc6 77. Ne5+ Kc7 78. f5 Ng7+ 79. Kf6 Ne8+ 80. Kf7 Nd6+ 1-0

[Event "4NCL Online Division 6"]
[Site "online"]
[Date "2021.04.20"]
[EventDate "2021.04.20"]
[Round "7.62"]
[White "Collett, Ray A"]
[WhiteElo "1884"]
[WhiteTeam "Wolfpack 1"]
[Black "Janota, Paul S"]
[BlackElo "1795"]
[BlackTeam "Maidenhead 2"]
[Result "1/2-1/2"]
[PlyCount "70"]

1. e4 e6 2. d4 d5 3. Nc3 Bb4 4. e5 c5 5. a3 Bxc3+ 6. bxc3 Qc7 7. Qg4 f6 8. Bb5+ Nc6 9. Nf3 cxd4 10. Qxd4 Bd7 11. Bxc6 bxc6 12. Be3 fxe5 13. Qxe5 Qxe5 14. Nxe5 Nf6 15. f3 O-O 16. Kd2 c5 17. Bxc5 Rfc8 18. Bd4 Rc7 19. Rhe1 Re8 20. Rab1 Bc8 21. Rb4 Nd7 22. Ra4 Nxe5 23. Rxe5 a6 24. Rb4 Kf7 25. Rb6 Rc4 26. Rb4 Rc6 27. h4 Rc7 28. Rb6 Rc4 29. Rb4 Rc7 30. Ra4 Rc6 31. Ke3 Kg8 32. Rb4 Rc7 33. Rb6 Rc4 34. Rb4 Rc7 35. Rb6 Rc4 1/2-1/2

[Event "4NCL Online Division 6"]
[Site "online"]
[Date "2021.04.20"]
[EventDate "2021.04.20"]
[Round "7.63"]
[White "Wenninger, Maxim"]
[WhiteElo "1717"]
[WhiteTeam "Maidenhead 2"]
[Black "Bloom, Paul"]
[BlackElo "1700"]
[BlackTeam "Wolfpack 1"]
[Result "0-1"]
[PlyCount "104"]

1. e4 c5 2. Nf3 Nc6 3. d4 cxd4 4. Nxd4 Nf6 5. Nc3 a6 6. Nxc6 bxc6 7. e5 Ng8 8. Bc4 e6 9. O-O Ne7 10. Ne4 Nd5 11. Bb3 Qh4 12. Qf3 f5 13. exf6 Nxf6 14. Re1 d5 15. Bg5 dxe4 16. Qc3 Qxg5 17. Qxc6+ Bd7 18. Qxa8+ Kf7 19. Rad1 Qe5 20. Qxa6 Bc5 21. Re2 Bb5 22. Qb7+ Kg6 23. c4 Rb8 24. Qxb8 Qxb8 25. cxb5 Qxb5 26. Red2 Ng4 27. Bxe6 Nxf2 28. Rxf2 Bxf2+ 29. Kxf2 Qxb2+ 30. Ke3 Qb6+ 31. Kxe4 Qxe6+ 32. Kf3 Qxa2 33. Re1 Qd5+ 34. Kf2 Kf5 35. h3 g5 36. Kg3 Qd6+ 37. Kf2 Qd2+ 38. Re2 Qf4+ 39. Kg1 Qd4+ 40. Kf1 Kf4 41. Rf2+ Kg3 42. Rf3+ Kh4 43. Ke2 Qe4+ 44. Kf2 h5 45. Re3 Qf4+ 46. Ke2 Qh2 47. Kf2 g4 48. hxg4 hxg4 49. Re4 Qg3+ 50. Kf1 Qd3+ 51. Re2 Kg3 52. Ke1 Qxe2+ 0-1

[Event "4NCL Online Division 6"]
[Site "online"]
[Date "2021.04.20"]
[EventDate "2021.04.20"]
[Round "7.64"]
[White "Gliddon, Daniel J"]
[WhiteElo "1696"]
[WhiteTeam "Wolfpack 1"]
[Black "Castaneda, William"]
[BlackElo "1653"]
[BlackTeam "Maidenhead 2"]
[Result "0-1"]
[PlyCount "142"]

1. e4 e5 2. Nf3 Nc6 3. d4 exd4 4. Nxd4 Bc5 5. Be3 Bb6 6. Bc4 Nge7 7. O-O d6 8. Nc3 Bd7 9. Re1 Qc8 10. Qd2 Ne5 11. Be2 O-O 12. Nf3 f6 13. Rad1 Bc6 14. Bxb6 axb6 15. a3 Qe8 16. Nxe5 fxe5 17. Bc4+ Kh8 18. Nd5 Qd8 19. Nxe7 Qxe7 20. Bd5 Qf6 21. Bxc6 bxc6 22. Re3 Qg6 23. Rde1 Rf7 24. Rg3 Qf6 25. Rf3 Qe7 26. Ree3 Raf8 27. Rxf7 Rxf7 28. Qe2 Qe6 29. Rf3 Kg8 30. b3 Qg4 31. h3 Qe6 32. Rxf7 Kxf7 33. Qh5+ Qg6 34. Qf3+ Ke7 35. Kf1 Qg5 36. Qd1 Qf4 37. f3 Qe3 38. Qe1 Qf4 39. a4 g5 40. Kg1 h5 41. Qf2 h4 42. Qe1 c5 43. Qe2 Qc1+ 44. Kf2 Qb2 45. Qc4 Qd4+ 46. Qxd4 exd4 47. g3 Kf6 48. gxh4 gxh4 49. f4 Kg6 50. Kf3 Kh5 51. e5 d5 52. e6 Kg6 53. e7 Kf7 54. Kg4 Kxe7 55. Kxh4 c4 56. bxc4 dxc4 57. Kg3 Kf6 58. Kf3 Kf5 59. h4 c5 60. h5 d3 61. cxd3 cxd3 62. Ke3 c4 63. h6 Kg6 64. Kd2 Kxh6 65. Ke3 Kg6 66. Kd2 Kf5 67. Ke3 Ke6 68. Kd2 Kd5 69. Ke3 Kc5 70. Kd2 Kd4 71. f5 Ke5 0-1

[Event "4NCL Online Division 6"]
[Site "online"]
[Date "2021.04.20"]
[EventDate "2021.04.20"]
[Round "7.71"]
[White "Habershon, Paul F"]
[WhiteElo "1948"]
[WhiteTeam "MK Phoenix 3"]
[Black "Lampard, Alice"]
[BlackElo "1962"]
[BlackTeam "Wells Globetrotters"]
[Result "1-0"]
[PlyCount "75"]

1. e4 c5 2. Nc3 Nc6 3. f4 d6 4. Nf3 g6 5. Bc4 Bg7 6. O-O Nf6 7. d3 O-O 8. Qe1 a6 9. a4 Be6 10. Bxe6 fxe6 11. Qh4 Nd4 12. Nxd4 cxd4 13. Ne2 Qb6 14. Qh3 d5 15. e5 Nd7 16. a5 Qc7 17. Nxd4 Nxe5 18. c3 Qd6 19. Nxe6 Nxd3 20. Nxf8 Nxc1 21. Qxh7+ Kxf8 22. Raxc1 Kf7 23. f5 g5 24. Qh5+ Kf8 25. Rce1 Qc5+ 26. Kh1 Bf6 27. Re6 Rc8 28. Rfe1 d4 29. Rxf6+ exf6 30. Qh6+ Kg8 31. Qg6+ Kf8 32. Qxf6+ Kg8 33. Re7 Qxe7 34. Qxe7 Rf8 35. Qxg5+ Kh8 36. f6 Rf7 37. cxd4 Rc7 38. h4 1-0

[Event "4NCL Online Division 6"]
[Site "online"]
[Date "2021.04.20"]
[EventDate "2021.04.20"]
[Round "7.72"]
[White "Strong, Chris M"]
[WhiteElo "1776"]
[WhiteTeam "Wells Globetrotters"]
[Black "Valentine, Brian J"]
[BlackElo "1922"]
[BlackTeam "MK Phoenix 3"]
[Result "1/2-1/2"]
[PlyCount "126"]

1. e4 e5 2. Nf3 Nc6 3. Nc3 Nf6 4. d4 exd4 5. Nxd4 Bc5 6. Be3 Bb6 7. f3 O-O 8. Qd2 Re8 9. O-O-O d6 10. h4 Bd7 11. h5 Ne5 12. Be2 Bc6 13. g4 Bxd4 14. Bxd4 Re7 15. g5 Ne8 16. Nd5 Bxd5 17. exd5 c5 18. Bc3 Rb8 19. f4 Nd7 20. f5 b5 21. b3 Ne5 22. f6 Reb7 23. fxg7 c4 24. Bxe5 dxe5 25. Kb1 c3 26. Qxc3 Qxg5 27. Rhg1 Qe7 28. h6 Rc7 29. Qf3 e4 30. Qf4 Nd6 31. Bh5 Rbc8 32. Rc1 Nc4 33. Rcf1 Na3+ 34. Ka1 Nxc2+ 35. Kb2 Rd8 36. Qxc7 Qxc7 37. Bxf7+ Qxf7 38. Rxf7 Kxf7 39. Kxc2 Kg8 40. Rf1 a5 41. Kc3 e3 42. Kd3 Rxd5+ 43. Kxe3 Rd8 44. Ke4 a4 45. bxa4 bxa4 46. Ke5 Ra8 47. a3 Ra5+ 48. Kd6 Ra6+ 49. Kc5 Rxh6 50. Rf4 Kxg7 51. Rxa4 Rf6 52. Rh4 Ra6 53. a4 Kg6 54. Kb5 Ra8 55. a5 h5 56. a6 Kg5 57. Rh1 h4 58. Kb6 Kg4 59. Kb7 Rd8 60. a7 Kg3 61. a8=Q Rxa8 62. Kxa8 h3 63. Rxh3+ Kxh3 1/2-1/2

[Event "4NCL Online Division 6"]
[Site "online"]
[Date "2021.04.20"]
[EventDate "2021.04.20"]
[Round "7.73"]
[White "Whiteside, Robert"]
[WhiteElo "1876"]
[WhiteTeam "MK Phoenix 3"]
[Black "Johnson, RN Phil"]
[BlackElo "1628"]
[BlackTeam "Wells Globetrotters"]
[Result "1-0"]
[PlyCount "77"]

1. e4 c6 2. d4 d5 3. exd5 cxd5 4. Bd3 Nf6 5. Nf3 Bg4 6. h3 Bh5 7. O-O e6 8. c3 Nbd7 9. Nbd2 Bd6 10. Qb3 Qb6 11. Re1 Bg6 12. Bxg6 hxg6 13. Ne5 Rc8 14. Nxd7 Nxd7 15. Qxd5 Nf6 16. Qf3 Kf8 17. Ne4 Qc6 18. Nxd6 Qxd6 19. Bf4 Qb6 20. Re2 Rh5 21. Rae1 Rf5 22. g4 Ra5 23. a3 Rd5 24. Kh2 a5 25. Bc1 a4 26. Re5 Rd7 27. g5 Nd5 28. Rxe6 Qc7+ 29. R6e5 f6 30. Kg1 Rcd8 31. Re6 Rf7 32. Qe4 Qd7 33. Qxg6 fxg5 34. Qh7 Ne7 35. Bxg5 Re8 36. Qh8+ Ng8 37. Rxe8+ Qxe8 38. Rxe8+ Kxe8 39. Qxg8+ 1-0

[Event "4NCL Online Division 6"]
[Site "online"]
[Date "2021.04.20"]
[EventDate "2021.04.20"]
[Round "7.74"]
[White "Austin, Antony"]
[WhiteElo "1340"]
[WhiteTeam "Wells Globetrotters"]
[Black "Matthews, Adrian M S"]
[BlackElo "1883"]
[BlackTeam "MK Phoenix 3"]
[Result "0-1"]
[PlyCount "90"]

1. d4 Nf6 2. Nf3 c5 3. Bf4 cxd4 4. Qxd4 Nc6 5. Qd1 g6 6. e3 Bg7 7. Bc4 O-O 8. c3 d6 9. O-O Bg4 10. Be2 Qb6 11. b4 Nh5 12. h3 Bxf3 13. Bxf3 Nxf4 14. exf4 Nxb4 15. a3 Na6 16. Qd3 Nc5 17. Qc2 Rac8 18. f5 Qa5 19. a4 Rc7 20. Ra3 Rfc8 21. fxg6 hxg6 22. c4 Ne6 23. Bd5 Qxd5 24. cxd5 Rxc2 25. dxe6 fxe6 26. Re3 Rc1 27. Nd2 Rxf1+ 28. Kxf1 Bh6 29. Rd3 Rc1+ 30. Ke2 Rc2 31. g4 Rxd2+ 32. Rxd2 Bxd2 33. Kxd2 g5 34. Kd3 Kg7 35. f3 b6 36. Ke4 Kf6 37. f4 d5+ 38. Ke3 a6 39. Kf3 b5 40. axb5 axb5 41. Kg3 b4 42. h4 gxh4+ 43. Kxh4 b3 44. g5+ Kg6 45. Kg4 b2 0-1

[Event "4NCL Online Division 6"]
[Site "online"]
[Date "2021.04.20"]
[EventDate "2021.04.20"]
[Round "7.81"]
[White "Ross, David C"]
[WhiteElo "1668"]
[WhiteTeam "War & Piece 2"]
[Black "Tait, Bill"]
[BlackElo "1707"]
[BlackTeam "Bradford DCA Knights C"]
[Result "1/2-1/2"]
[PlyCount "144"]

1. e4 e5 2. Nf3 d6 3. Bc4 h6 4. O-O Nf6 5. Re1 Be7 6. c3 Be6 7. Bb3 O-O 8. d4 exd4 9. cxd4 Bxb3 10. Qxb3 Qc8 11. Nc3 Nc6 12. Be3 a6 13. Rac1 Rb8 14. h3 Re8 15. Nd2 Bf8 16. f4 Qd7 17. f5 Qc8 18. Rf1 Qd7 19. Rf3 Kh7 20. a3 Qe7 21. Qc2 g5 22. fxg6+ fxg6 23. Rcf1 Bg7 24. Rg3 Nh5 25. Rg4 Bxd4 26. Bxd4 Nxd4 27. Qd3 Ne6 28. Nd5 Qg7 29. b4 Rf8 30. Nf3 Nhf4 31. Qc4 h5 32. Rg3 c6 33. Ne3 Rf6 34. Nh4 Qf7 35. Rgf3 Rf8 36. g4 Ng5 37. Qxf7+ R8xf7 38. Kh2 Nxf3+ 39. Rxf3 hxg4 40. Nxg4 Re6 41. e5 dxe5 42. Ne3 g5 43. Nhf5 Kg6 44. Ng3 e4 45. Rf1 Nd3 46. Rd1 Nf2 47. Rd8 Rh7 48. Kg2 Nxh3 49. Rg8+ Kf7 50. Rb8 Nf4+ 51. Kf2 Kf6 52. Ng4+ Kg6 53. Ke3 Nd5+ 54. Kd4 Rf7 55. Ne5+ Kf6 56. Nxf7 Kxf7 57. Rxb7+ Kf6 58. Nxe4+ Kf5 59. Rf7+ Nf6 60. Ng3+ Kf4 61. Nh5+ Kf5 62. Ng7+ Kg6 63. Nxe6 Kxf7 64. Nxg5+ Ke7 65. Ne4 Nxe4 66. Kxe4 Kd6 67. Kd4 Kc7 68. Kc5 Kb7 69. a4 a5 70. bxa5 Ka6 71. Kxc6 Kxa5 72. Kc5 Kxa4 1/2-1/2

[Event "4NCL Online Division 6"]
[Site "online"]
[Date "2021.04.20"]
[EventDate "2021.04.20"]
[Round "7.83"]
[White "Chapman, Chas"]
[WhiteElo "1566"]
[WhiteTeam "War & Piece 2"]
[Black "Redmond, Nigel"]
[BlackElo "1600"]
[BlackTeam "Bradford DCA Knights C"]
[Result "0-1"]
[PlyCount "30"]

1. e4 d5 2. exd5 Nf6 3. Nc3 Nxd5 4. Nxd5 Qxd5 5. d4 Nc6 6. c3 e5 7. Nf3 Bg4 8. Be2 exd4 9. O-O O-O-O 10. cxd4 Be7 11. b3 Bf6 12. a4 Nxd4 13. Nxd4 Bxe2 14. Qxe2 Qxd4 15. Be3 Qb4 0-1

[Event "4NCL Online Division 6"]
[Site "online"]
[Date "2021.04.20"]
[EventDate "2021.04.20"]
[Round "7.84"]
[White "Gallagher, Dominic"]
[WhiteElo "1590"]
[WhiteTeam "Bradford DCA Knights C"]
[Black "O'Neill, Stephen G"]
[BlackElo "1423"]
[BlackTeam "War & Piece 2"]
[Result "1-0"]
[PlyCount "105"]

1. d4 d5 2. Bf4 Bf5 3. c4 e6 4. Nc3 g5 5. Bd2 Bg7 6. e3 Nd7 7. Be2 dxc4 8. Bxc4 Nb6 9. Bb3 Nd5 10. Nxd5 exd5 11. Ne2 Qd6 12. Rc1 Nf6 13. Ng3 Be6 14. Qc2 c6 15. Nf5 Bxf5 16. Qxf5 h6 17. f3 Nd7 18. O-O Qe6 19. Qd3 O-O-O 20. e4 Kb8 21. exd5 cxd5 22. Rfe1 Qb6 23. Be3 Nf6 24. Bf2 Nh5 25. g3 Rhe8 26. Rxe8 Rxe8 27. Bxd5 Re7 28. Qc4 Rc7 29. Qxc7+ Qxc7 30. Rxc7 Kxc7 31. Bxf7 Nf6 32. Kf1 Kd6 33. Ke2 Nd5 34. a3 Nc7 35. Kd3 Ne6 36. Bxe6 Kxe6 37. Ke4 Kd6 38. g4 b5 39. Bg3+ Ke6 40. b3 Bf8 41. a4 bxa4 42. bxa4 Bd6 43. d5+ Kd7 44. f4 gxf4 45. Bxf4 Bxf4 46. Kxf4 Kd6 47. Ke4 a6 48. h4 a5 49. g5 hxg5 50. hxg5 Ke7 51. Ke5 Kf7 52. d6 Ke8 53. g6 1-0

[Event "4NCL Online Division 6"]
[Site "online"]
[Date "2021.04.20"]
[EventDate "2021.04.20"]
[Round "7.91"]
[White "Tuveri, Aaron"]
[WhiteElo "1713"]
[WhiteTeam "Hertford 3"]
[Black "Rodrigo, Y Jan"]
[BlackElo "1799"]
[BlackTeam "Camborne Pendarves"]
[Result "1-0"]
[PlyCount "49"]

1. c4 f5 2. Nc3 Nf6 3. d4 e6 4. Bg5 Bb4 5. Qb3 a5 6. a3 a4 7. Qxb4 Nc6 8. Qxa4 Rxa4 9. Nxa4 Nxd4 10. O-O-O Nb3+ 11. Kc2 Na5 12. e3 h6 13. Bh4 g5 14. Bg3 O-O 15. f3 d6 16. Bd3 Qd7 17. Nc3 Qc6 18. b3 e5 19. Nge2 Be6 20. e4 Qb6 21. Rb1 f4 22. Be1 Nc6 23. Rf1 Nd4+ 24. Nxd4 Qxd4 25. Bf2 1-0

[Event "4NCL Online Division 6"]
[Site "online"]
[Date "2021.04.20"]
[EventDate "2021.04.20"]
[Round "7.92"]
[White "Smith, Richard AL"]
[WhiteElo "1728"]
[WhiteTeam "Camborne Pendarves"]
[Black "Marshall, Duncan"]
[BlackElo "1649"]
[BlackTeam "Hertford 3"]
[Result "1/2-1/2"]
[PlyCount "67"]

1. e4 c6 2. f4 d5 3. exd5 cxd5 4. Nf3 Nc6 5. d4 Bg4 6. Be2 Nf6 7. O-O e6 8. c3 Bd6 9. Ne5 Bxe2 10. Qxe2 Ne4 11. Nd2 Nxd2 12. Bxd2 Qc7 13. b4 Ne7 14. a4 O-O 15. Rf3 g6 16. Raf1 Nf5 17. g4 Ng7 18. Rh3 f5 19. g5 Bxe5 20. Qxe5 Qxe5 21. dxe5 Rac8 22. Rd3 Rc4 23. Rd4 Rfc8 24. Rxc4 Rxc4 25. Rf3 Ne8 26. Rd3 Nc7 27. Rd4 Rxd4 28. cxd4 Kf7 29. Kf2 a6 30. Ke3 Ke8 31. Kd3 Kd7 32. Kc3 Kc6 33. Kb3 b5 34. a5 1/2-1/2

[Event "4NCL Online Division 6"]
[Site "online"]
[Date "2021.04.20"]
[EventDate "2021.04.20"]
[Round "7.93"]
[White "Wooster, Nick"]
[WhiteElo "1649"]
[WhiteTeam "Hertford 3"]
[Black "Macphail, Kieran"]
[BlackElo "1659"]
[BlackTeam "Camborne Pendarves"]
[Result "0-1"]
[PlyCount "54"]

1. d4 Nf6 2. c4 e6 3. Nf3 d5 4. Nc3 Bb4 5. a3 Bxc3+ 6. bxc3 O-O 7. Bg5 Nbd7 8. e3 c5 9. Qc2 h6 10. Bh4 Qc7 11. cxd5 Nxd5 12. c4 cxd4 13. exd4 Qa5+ 14. Nd2 Nf4 15. Be7 Re8 16. Bb4 Qg5 17. g3 Ng6 18. Ne4 Qf5 19. Bd3 Qf3 20. Rg1 Nf6 21. Nxf6+ Qxf6 22. Bxg6 fxg6 23. Bc3 Qf3 24. Rd1 e5 25. dxe5 Bf5 26. Qd2 Rad8 27. Qxd8 Qe4+ 0-1

[Event "4NCL Online Division 6"]
[Site "online"]
[Date "2021.04.20"]
[EventDate "2021.04.20"]
[Round "7.94"]
[White "Pope, Martin"]
[WhiteElo "1651"]
[WhiteTeam "Camborne Pendarves"]
[Black "Hutton, Allan"]
[BlackElo "1563"]
[BlackTeam "Hertford 3"]
[Result "1-0"]
[PlyCount "45"]

1. c4 Nf6 2. Nc3 e5 3. g3 Bc5 4. Bg2 O-O 5. e3 a6 6. Nge2 d6 7. O-O Nbd7 8. d4 exd4 9. exd4 Ba7 10. h3 Rb8 11. a4 Re8 12. Kh2 Re7 13. b4 b6 14. b5 Qe8 15. Nf4 a5 16. Ncd5 Nxd5 17. Nxd5 Re2 18. Be3 Rb2 19. Qc1 Re2 20. Bf3 Rxe3 21. Qxe3 Qd8 22. Ne7+ Kf8 23. Nc6 1-0

[Event "4NCL Online Division 6"]
[Site "online"]
[Date "2021.04.20"]
[EventDate "2021.04.20"]
[Round "7.101"]
[White "Clark, Richard"]
[WhiteElo "1885"]
[WhiteTeam "Cornish Pirates"]
[Black "Smith, Andrew R"]
[BlackElo "1692"]
[BlackTeam "Morriston Benko"]
[Result "1-0"]
[PlyCount "57"]

1. b4 e5 2. Bb2 Bxb4 3. Bxe5 Nf6 4. Nf3 O-O 5. e3 d5 6. Bd3 Bg4 7. h3 Bh5 8. a3 Bd6 9. g4 Bg6 10. Nc3 Bxd3 11. Bxd6 Bxc2 12. Qxc2 cxd6 13. Rb1 b6 14. g5 Nfd7 15. Nxd5 Na6 16. d4 Rc8 17. Qxc8 Qxc8 18. Ne7+ Kh8 19. Nxc8 Rxc8 20. Kd2 f6 21. Rhc1 Re8 22. Rc6 fxg5 23. Nxg5 Rf8 24. Rxd6 Nf6 25. f3 Nc7 26. Rc6 Ncd5 27. Ne6 Re8 28. e4 Ne7 29. Rc7 1-0

[Event "4NCL Online Division 6"]
[Site "online"]
[Date "2021.04.20"]
[EventDate "2021.04.20"]
[Round "7.102"]
[White "Jones, Huw"]
[WhiteElo "1657"]
[WhiteTeam "Morriston Benko"]
[Black "Robinson, Neil"]
[BlackElo "1657"]
[BlackTeam "Cornish Pirates"]
[Result "0-1"]
[PlyCount "38"]

1. e4 c6 2. Nc3 d5 3. Nf3 d4 4. Ne2 c5 5. Ng3 Nc6 6. Bb5 Bd7 7. e5 e6 8. O-O a6 9. Bxc6 Bxc6 10. d3 h6 11. Qe2 Ne7 12. Bd2 Ng6 13. Rfe1 Be7 14. c3 dxc3 15. bxc3 Bb5 16. c4 Bc6 17. Nh5 O-O 18. Nf4 Nh4 19. Nxh4 Bxh4 0-1

[Event "4NCL Online Division 6"]
[Site "online"]
[Date "2021.04.20"]
[EventDate "2021.04.20"]
[Round "7.103"]
[White "JimÃ©nez PatiÃ±o, Manuel David"]
[WhiteElo "1704"]
[WhiteTeam "Cornish Pirates"]
[Black "Williams, Luke"]
[BlackElo "1642"]
[BlackTeam "Morriston Benko"]
[Result "0-1"]
[PlyCount "94"]

1. c4 e5 2. g3 Nc6 3. Bg2 Bc5 4. d3 d6 5. Nf3 f5 6. Nc3 Nf6 7. O-O O-O 8. Bg5 h6 9. Bxf6 Qxf6 10. Nd2 Ne7 11. Nd5 Nxd5 12. Bxd5+ Kh8 13. Rb1 f4 14. Ne4 Qg6 15. Nxc5 dxc5 16. a3 h5 17. Kh1 h4 18. gxh4 Rf6 19. Rg1 Qh5 20. Qf1 Qxh4 21. Qg2 Qh7 22. Be4 Bf5 23. Bxf5 Rxf5 24. Qg6 Rh5 25. Qxh7+ Kxh7 26. Rg2 g5 27. Rbg1 Kg6 28. Rg4 Rah8 29. R1g2 Kf5 30. f3 c6 31. b4 cxb4 32. axb4 c5 33. b5 a5 34. bxa6 bxa6 35. Kg1 a5 36. h4 Rg8 37. Kf2 a4 38. Rg1 a3 39. Ra1 Rxh4 40. Rxh4 gxh4 41. Rxa3 h3 42. Ra1 Rg2+ 43. Kf1 Kg5 44. Re1 Kh4 45. e4 Kg3 46. d4 h2 47. Re2 h1=Q# 0-1

[Event "4NCL Online Division 6"]
[Site "online"]
[Date "2021.04.20"]
[EventDate "2021.04.20"]
[Round "7.104"]
[White "Tonks, Brian"]
[WhiteElo "1400"]
[WhiteTeam "Morriston Benko"]
[Black "Jones, Bryan"]
[BlackElo "1555"]
[BlackTeam "Cornish Pirates"]
[Result "0-1"]
[PlyCount "38"]

1. d4 d5 2. Bf4 Nf6 3. e3 e6 4. Be2 c5 5. c3 Nc6 6. Nd2 Qb6 7. Qc2 Bd7 8. h3 cxd4 9. cxd4 Rc8 10. Qb3 Nb4 11. Bd1 Bb5 12. Ne2 Nd3+ 13. Kf1 Nc1 14. Rxc1 Rxc1 15. Ke1 Bxe2 16. Kxe2 Qxb3 17. Nxb3 Rb1 18. Re1 Rxb2+ 19. Nd2 Bb4 0-1

[Event "4NCL Online Division 6"]
[Site "online"]
[Date "2021.04.20"]
[EventDate "2021.04.20"]
[Round "7.111"]
[White "Vann, Richard P"]
[WhiteElo "1829"]
[WhiteTeam "Ashby Ivanhoe"]
[Black "Nield, Robert C"]
[BlackElo "1648"]
[BlackTeam "Shropshire 5"]
[Result "1/2-1/2"]
[PlyCount "133"]

1. e4 e5 2. d4 exd4 3. Qxd4 Nc6 4. Qe3 d6 5. Bc4 Nf6 6. Nc3 Ne5 7. Bb3 c6 8. h3 Be6 9. Nf3 Bxb3 10. axb3 a6 11. O-O Be7 12. Rd1 Qc7 13. Qe2 O-O 14. Bf4 Rad8 15. Nd4 Rfe8 16. Nf5 Bf8 17. Bg5 Be7 18. Nxe7+ Qxe7 19. Rd2 h6 20. Bh4 Ng6 21. Bg3 Nxe4 22. Nxe4 Qxe4 23. Qxe4 Rxe4 24. Bxd6 Re6 25. Rad1 Rde8 26. Kf1 Ne5 27. Bc7 R6e7 28. Bd6 Re6 29. Bb4 b6 30. Bc3 c5 31. Rd6 a5 32. Rxe6 Rxe6 33. Re1 Nc6 34. Rxe6 fxe6 35. Ke2 Kf7 36. Ke3 b5 37. Ke4 g6 38. Be5 a4 39. bxa4 bxa4 40. c3 Na5 41. Bd6 Nc4 42. Bxc5 Nxb2 43. Kd4 e5+ 44. Kd5 h5 45. Ba3 Nd3 46. c4 Nxf2 47. Kxe5 Nd1 48. c5 Ke8 49. Kf6 Ne3 50. Kxg6 h4 51. Bc1 Nxg2 52. Kf6 Kd7 53. Ke5 Kc6 54. Kd4 Ne1 55. Kc4 Nf3 56. Kb4 Ng1 57. Bg5 a3 58. Kxa3 Nxh3 59. Be3 Nf4 60. Bxf4 Kxc5 61. Kb3 Kd4 62. Kc2 Ke4 63. Bb8 Kf3 64. Kd2 Kg2 65. Ke2 h3 66. Ke1 h2 67. Bxh2 1/2-1/2

[Event "4NCL Online Division 6"]
[Site "online"]
[Date "2021.04.20"]
[EventDate "2021.04.20"]
[Round "7.112"]
[White "Hilditch-Love, Daniel"]
[WhiteElo "1626"]
[WhiteTeam "Shropshire 5"]
[Black "Wilson, Andrew B"]
[BlackElo "1654"]
[BlackTeam "Ashby Ivanhoe"]
[Result "0-1"]
[PlyCount "132"]

1. Nf3 d5 2. c4 d4 3. b4 Bg4 4. Bb2 Bxf3 5. gxf3 e5 6. Qb3 Qd7 7. e3 Nc6 8. a3 O-O-O 9. d3 Be7 10. Be2 Bg5 11. e4 Nge7 12. a4 Ng6 13. a5 Qh3 14. b5 Nce7 15. Na3 Qg2 16. Rf1 Nh4 17. b6 cxb6 18. axb6 a6 19. Nb5 Nxf3+ 20. Bxf3 Qxf3 21. Ba3 Qf4 22. Bc1 Qf6 23. Ba3 Qxb6 24. Nxd4 Qxb3 25. Nxb3 Rxd3 26. Rb1 Rd7 27. Nc5 Rc7 28. Na4 Rd8 29. Bb4 Nc6 30. Bc3 Kb8 31. Nc5 Ka8 32. Na4 Ka7 33. Nb6 Rd3 34. Nd5 Rd7 35. Ke2 Rh3 36. Rg1 h6 37. Rg2 g6 38. f3 f5 39. Nb6 Rd8 40. exf5 gxf5 41. Nd5 Rh4 42. Nb6 e4 43. Be1 exf3+ 44. Kxf3 Rf4+ 45. Ke2 Nd4+ 46. Kd3 Nf3+ 47. Nd5 Ne5+ 48. Ke2 Re4+ 49. Kf1 Nxc4 50. Bf2+ Ne3+ 51. Nxe3 Bxe3 52. Rg7 Rb8 53. Bxe3+ Rxe3 54. Kf2 Re6 55. Rf7 Rb6 56. Rc1 Rb5 57. Rh7 h5 58. Rxh5 Rg8 59. Kf3 a5 60. Kf4 Rg4+ 61. Kf3 Rb3+ 62. Ke2 Re4+ 63. Kf2 Re5 64. h4 a4 65. Rh6 a3 66. Rc4 Ra5 0-1

[Event "4NCL Online Division 6"]
[Site "online"]
[Date "2021.04.20"]
[EventDate "2021.04.20"]
[Round "7.113"]
[White "Hayden, Lawrence F"]
[WhiteElo "1653"]
[WhiteTeam "Ashby Ivanhoe"]
[Black "Holmes, Nick D"]
[BlackElo "1534"]
[BlackTeam "Shropshire 5"]
[Result "1-0"]
[PlyCount "113"]

1. e4 d6 2. Nc3 Nf6 3. f4 g6 4. Nf3 Bg7 5. Bc4 O-O 6. d3 c6 7. Bb3 b5 8. O-O a5 9. a4 b4 10. Ne2 Ng4 11. Qe1 Qb6+ 12. Kh1 Nd7 13. Ng3 Nc5 14. Bc4 Be6 15. h3 Bxc4 16. hxg4 Ba6 17. Qf2 Qc7 18. Be3 Bxb2 19. Ra2 Bg7 20. Bxc5 dxc5 21. e5 c4 22. Rd1 cxd3 23. cxd3 Rfd8 24. d4 Bc4 25. Raa1 Rab8 26. Nd2 Bd5 27. Nge4 b3 28. Nc3 b2 29. Ra3 e6 30. Ncb1 Bf8 31. Rh3 Qe7 32. g5 f6 33. gxf6 Qf7 34. Nf3 Rb3 35. Ng5 Rxh3+ 36. Nxh3 h6 37. Qxb2 Qh7 38. Qb6 Rc8 39. Nc3 g5 40. Nxd5 exd5 41. Rc1 gxf4 42. Rxc6 Rxc6 43. Qxc6 Qb1+ 44. Kh2 Qe4 45. Qe6+ Kh8 46. Qf7 Qh7 47. Qxf8+ Qg8 48. Qxh6+ Qh7 49. Qxh7+ Kxh7 50. Nxf4 Kg8 51. Nxd5 Kf7 52. Nc7 Kf8 53. d5 Kg8 54. d6 Kf8 55. d7 Kf7 56. d8=Q Kg6 57. e6 1-0

[Event "4NCL Online Division 6"]
[Site "online"]
[Date "2021.04.20"]
[EventDate "2021.04.20"]
[Round "7.114"]
[White "Jones, Andrew"]
[WhiteElo "1506"]
[WhiteTeam "Shropshire 5"]
[Black "Roberts, Neil J"]
[BlackElo "1318"]
[BlackTeam "Ashby Ivanhoe"]
[Result "1-0"]
[PlyCount "99"]

1. e4 c5 2. Nf3 d6 3. d4 cxd4 4. Nxd4 Nc6 5. Nc3 a6 6. Bc4 e6 7. O-O Nf6 8. f3 Be7 9. Be3 O-O 10. a3 Bd7 11. Qe2 Ne5 12. Bb3 Rc8 13. h3 b5 14. Rfd1 Nc6 15. Nxc6 Rxc6 16. Qd3 Qb8 17. Bd4 e5 18. Be3 Bd8 19. f4 Bb6 20. Nd5 Bxe3+ 21. Qxe3 exf4 22. Ne7+ Kh8 23. Nxc6 fxe3 24. Nxb8 Rxb8 25. Rxd6 Be6 26. Bxe6 fxe6 27. Rxe6 a5 28. Re1 Kg8 29. Rxe3 Kf7 30. Re5 Ne8 31. Rf3+ Nf6 32. g4 Kg8 33. Rd3 Rb7 34. Rd8+ Kf7 35. g5 Nd7 36. Rf5+ Ke6 37. Re8+ Kd6 38. e5+ Kc6 39. Re7 g6 40. Rff7 Nc5 41. Rxb7 Nxb7 42. Rxh7 Nc5 43. Rg7 Kd5 44. Rxg6 Kxe5 45. h4 Kf5 46. Rf6+ Kg4 47. g6 Nd7 48. Rf7 Ne5 49. g7 Nxf7 50. g8=Q+ 1-0